Re-engineering procedures of financial statement audit and risk of material misstatement formed by fraud

Vysvetlenie, prečo audítori účtovnej závierky odhalia len veľmi malé percento podvodov. Opis, ako budú vyzerať audítorské systémy a podávanie správ o audite v budúcnosti. Využitie vyvíjajúcich sa technológií pri transformácii audítorských postupov.

Salvato in:
Dettagli Bibliografici
Autore principale: Domaracká, Denisa
Altri autori: Hunyady, Katarína
Natura: Capitolo di libro
Lingua:inglese
Soggetti:
Tags: Aggiungi Tag
Nessun Tag, puoi essere il primo ad aggiungerne!!

MARC

LEADER 00000nla a2200000 4500
001 0238449
005 20240502073846.5
041 0 |a eng 
044 |a SK 
245 1 0 |a Re-engineering procedures of financial statement audit and risk of material misstatement formed by fraud  |c Denisa Domaracká, Katarína Hunyady 
520 |a Vysvetlenie, prečo audítori účtovnej závierky odhalia len veľmi malé percento podvodov. Opis, ako budú vyzerať audítorské systémy a podávanie správ o audite v budúcnosti. Využitie vyvíjajúcich sa technológií pri transformácii audítorských postupov. 
610 2 0 |a audit finančný 
610 2 0 |a uzávierka účtovná 
610 2 0 |a podvody 
610 2 0 |a postupy pracovné 
610 2 0 |a zmeny organizačné 
610 2 0 |a transformácia podniku 
610 2 0 |a technológie nové 
100 1 |a Domaracká, Denisa 
700 1 |a Hunyady, Katarína